| 000 | 02343cam a22005654i 4500 | ||
|---|---|---|---|
| 003 | PE-LiUPU | ||
| 005 | 20250731180140.0 | ||
| 008 | 150706s r 000 0 d | ||
| 035 | _a(Sirsi) a47277 | ||
| 040 |
_aPE-LiUPU _bspa _cPE-LiUPU _erda |
||
| 049 | _aPRUA | ||
| 082 | 0 | 4 |
_a515.4 _bV452006 _221 |
| 100 | 1 |
_aVenero B., J. Armando, _eautor. |
|
| 245 | 1 | 0 |
_aAnálisis matemático 2 / _cJ. Armando Venero B. ; con la colaboración especial de José P. Miguel Cañamero, Alberto Lutgardo Yañez, R. Isabel Venero de Lutgardo. |
| 264 | 1 |
_aLima : _bEds. Gemar, _c2006 [i.e. 2007]. |
|
| 300 |
_a700 páginas : _bilustraciones, diagrs. ; _c21 cm. |
||
| 336 |
_atext _2rdacontent |
||
| 337 |
_aunmediated _2rdamedia |
||
| 338 |
_avolume _2rdacarrier |
||
| 505 | 0 | _aLa anti derivada -- Integral definida -- Teorema Fundamentales del cálculo -- Teorema del cambio de variable -- Integrales impropia das Logaritmo y exponencial -- Funciones Hiperbólicas -- Técnicas de integración -- Coordenadas polares -- Áreas y volúmenes. Longitud de arco y Áreas de superficies de revolución. | |
| 526 | _aSEG44 | ||
| 526 | _aSEG26 | ||
| 526 | _aP159 | ||
| 526 | _aP155 | ||
| 526 | _aP154 | ||
| 526 | _aP153 | ||
| 526 | _aP150 | ||
| 526 | _aP100 | ||
| 526 | _aP31 | ||
| 526 | _aP30 | ||
| 526 | _aP26 | ||
| 526 | _aP25 | ||
| 526 | _aP24 | ||
| 526 | _aP22 | ||
| 526 | _aP15 | ||
| 526 | _aP10 | ||
| 541 | _g003-001055; | ||
| 650 | 0 | 4 |
_aAnálisis matemático _vProblemas, ejercicios, etc. |
| 650 | 0 | 4 |
_aCálculo diferencial _vProblemas, ejercicios, etc. _9174 |
| 650 | 0 | 4 |
_aCálculo integral _vProblemas, ejercicios, etc. |
| 700 | 1 |
_aCañamero, José P. Miguel, _ecolab. |
|
| 700 | 1 |
_aLutgardo Yañez, Alberto, _ecolab. |
|
| 700 | 1 |
_aVenero de Lutgardo, R. Isabel, _ecolab. |
|
| 910 |
_agl _cng _d20090805 |
||
| 942 |
_2ddc _cBOOK |
||
| 949 |
_a515.4 V45 2 2006 _wDEWEY _c1 _i59870 _lCCODEBUL1 _mBUL _p15.00 _r0 _sY _tLIBRO _u2015-07-06 _xINGENIERIA _PP27 _o.STAFF. Colección General |
||
| 994 |
_aC0 _bPEPRU |
||
| 596 | _a1 | ||
| 999 |
_a515.4 V45 2 2006 _wDEWEY _c49402 _i59870 _f2021-11-5 _g7 _lCCODEBUL1 _mBUL _p15.00 _r0 _sY _tBOOK _u2015-7-6 _xBIBLIOTECA _PP27 _0COMPRA _o.STAFF. Colección General _d49402 |
||
| 980 |
_81 _gALBERTO SANCHEZ Responsable de Automatización |
||